| 000 | 01269cam a2200193 a 4500 | ||
|---|---|---|---|
| 020 | _a9781466555853 (pbk.) | ||
| 082 | 0 | 0 |
_a624.1513 _bCHA _cN-02,P-100 |
| 100 | 1 |
_aChau, Kam-Tim, _951816 |
|
| 245 | 1 | 0 |
_aAnalytic methods in geomechanics _cKam-tim Chau. |
| 260 |
_aBoca Raton, FL : _bTaylor & Francis, _c2012. |
||
| 300 |
_axx, 437 p. : _bill. ; _c24 cm. |
||
| 520 | _a"Bringing together a range of areas including tensor analysis, elasticity, plasticity, fracture mechanics and viscoelasticity, among others, this book is an indispensible guide to the fundamentals of geomechanics. It provides explanations of each subject area, using a step-by-step process with numerous worked examples. The more advanced material, such as 2-D elasticity and application of J-integral to model slipping slopes then supplies a gateway into understanding the latest research results and applying them to practical problems. The book is suitable for undergraduate and graduate students as well as professionals and researchers"-- | ||
| 526 |
_a0 _b0 _c0 _d624_151300000000000_CHA |
||
| 650 | 0 |
_aRock mechanics. _923489 |
|
| 650 | 0 | _aSoil mechanics. | |
| 650 | 7 |
_aSCIENCE / Earth Sciences / General _92227 |
|
| 650 | 7 |
_aTECHNOLOGY & ENGINEERING / Civil / General _96298 |
|
| 942 |
_2ddc _cBK |
||
| 999 |
_c554362 _d554362 |
||